000 00509cam a22002054a 4500
005 20250605164305.0
008 250528s ||||||||||||||||||||||||d
035 _a22238
020 _a9789814595292
040 _aGR-AtMCL
_bgre
_dGR-AtMCL
_eAACR2
245 1 _aTHERMODYNAMICS / AN ENGINEERING APPROACH
250 _a8
260 _bMcgraw Hill,
_c2015
300 _a957
700 1 _aBoles, Michael A.
_95738
700 1 _aCengel Yunus A
_95739
942 _cBK
999 _c7294
_d7294